000 01078cam a2200217 4500
001 WB@3612-470
008 041110n2004 000 0 eng u
035 _a(Sirsi) u127933
245 _aUK house price inflation up
260 _c2004
490 _aODPM Statistical Release
_v(2004/0264) 8 November 2004 (3)
520 _aThe ODPM has released "House price index: September 2004". The figures show that UK house price inflation rate rose slightly from 13.6% in August 2004 to 13.8% in September 2004. Annual house price inflation in London was 6.6% in September. The mix-adjusted average house price in the UK was £179 201, for first time buyers the price was £143 761. The inflation rate for first time buyers remained unchanged at 15.6%. Further details and tables can be viewed on the website. http://www.odpm.gov.uk/pns/displaypn.cgi?pn_id=200 4_0264
590 _aWB
590 _aWB
650 _aHOUSE PRICES
650 _aHOUSE PRICE INFLATION
650 _aINTEREST RATES
650 _aHOUSING-MARKET
690 _aHOUSING-HOUSE PRICES
942 _n0
999 _c118287
_d118287